ბათუმის შოთა რუსთაველის სახელმწიფო უნივერსიტეტის ბიბლიოთეკა

Cybersecurity for Beginners 2022 : (ბიბ.ჩანაწერი № 61277)

000 -LEADER
fixed length control field 00625nam a22001697a 4500
005 - DATE AND TIME OF LATEST TRANSACTION
control field 20240125091948.0
008 - FIXED-LENGTH DATA ELEMENTS--GENERAL INFORMATION
fixed length control field 240124s2022 enk||||| |||| 00| 0 eng d
020 ## - INTERNATIONAL STANDARD BOOK NUMBER
International Standard Book Number 9798807522849x
041 ## - LANGUAGE CODE
Language code of text/sound track or separate title eng
080 ## - UNIVERSAL DECIMAL CLASSIFICATION NUMBER
Universal Decimal Classification number 004.056.53 H-75
100 ## - MAIN ENTRY--PERSONAL NAME
Personal name Holmes, T. A.
9 (RLIN) 21111
245 ## - TITLE STATEMENT
Title Cybersecurity for Beginners 2022 :
Remainder of title A Comprehensive Guide and Effective Tips to Getting Started and Advancing in Your Cybersecurity Career /
Statement of responsibility, etc. Todd A. Holmes.
264 ## - PRODUCTION, PUBLICATION, DISTRIBUTION, MANUFACTURE, AND COPYRIGHT NOTICE
Place of production, publication, distribution, manufacture London,
Date of production, publication, distribution, manufacture, or copyright notice 2022.
300 ## - PHYSICAL DESCRIPTION
Extent 163 p.
Other physical details 21 cm.
653 ## - INDEX TERM--UNCONTROLLED
keyword კიბერუსაფრთხოება კარიერაში
942 ## - ADDED ENTRY ELEMENTS (KOHA)
Source of classification or shelving scheme
Koha item type წიგნი
ეგზემპლარები
Withdrawn status Lost status Source of classification or shelving scheme Damaged status Not for loan Permanent Location Current Location Shelving location Date acquired Cost, normal purchase price Full call number Barcode Date last seen Copy number Price effective from Koha item type Public note
          ბათუმის შოთა რუსთაველის სახელმწიფო უნივერსიტეტის მთავარი ბიბლიოთეკა ბათუმის შოთა რუსთაველის სახელმწიფო უნივერსიტეტის მთავარი ბიბლიოთეკა წიგნსაცავი 2024-01-24 63.00 004.056.53 H-75 67163 2024-01-24 67163 2024-01-24 წიგნი 63 ლ.